000 00454nam a22001817a 4500
003 MPLRDC
005 20220104192155.0
008 210129b ||||| |||| 00| 0 eng d
020 _a978-988-8148-70-7
082 _a544.86 MTX
100 _a麦天心
245 _a来,照顾老爸老妈
_c
250 _a初版
260 _a香港
_b中华书局(香港)有限公司
_c2012
300 _b
650 _a老人介护
942 _cBK
_o544.86 MTX
999 _c64593
_d64583